Az online marketing szerepe az online vásárlói viselkedés formálásában, a Temu platform példáján keresztül

Bibliographic Details
Main Author: Jankovics Anna Katalin
Other Authors: Papp Dr. Vanda
Format: Thesis
Kulcsszavak:elektronikus vásárlás - online vásárlás
fogyasztói magatartás
közösségi média
online marketing
vásárlói magatartás
Online Access:http://dolgozattar.uni-bge.hu/60104

MARC

LEADER 00000nta a2200000 i 4500
001 dolg60104
005 20260409150008.0
008 260409suuuu hu om 000 hun d
040 |a BGE Dolgozattár Repozitórium  |b hun 
041 |a hu 
100 1 |a Jankovics Anna Katalin 
245 1 3 |a Az online marketing szerepe az online vásárlói viselkedés formálásában, a Temu platform példáján keresztül  |c Jankovics Anna Katalin  |h [elektronikus dokumentum] 
520 3 |a Az internet megjelenése óta a vállalatok egyre több időt, energiát és pénzt fektetnek az online marketingbe. A digitalizáció, az internet ma már mondhatni elengedhetetlen része a mindennapoknak, ebből kifolyólag nagyrészt mindenki számára elérhető az online hirdetések sokasága. Az online marketing és az online fogyasztói magatartás napjaink egyik legdinamikusabban fejlődő területe. Ebből adódóan a vállalatok szorosabb kapcsolatot képesek kialakítani a fogyasztókkal. A hagyományos marketinggel szemben az online platformoknak köszönhetően alapvetően megváltoztatta vásárlói döntéshozatalt, így egyre nagyobb szerepet tölt be a vállalat stratégiájában a hatékony online marketing. Iparágtól függetlenül nagyon széleskörűen lehet alkalmazni. A közösségi média, a keresőoptimalizálás, a tartalommarketing és az online hirdetések mind hozzájárulnak a fogyasztói élményhez. Nem kifelejtendő az influenszerek hatása sem, akik szerves részét képezik az online vásárlói viselkedésnek. A fogyasztók ma már sok esetben online keresnek információt a termékekről vagy a szolgáltatásokról, összehasonlítják az árakat, olvassák más vásárlók véleményeit, és gyakran közvetlenül az interneten vásárolnak. 
695 |a elektronikus vásárlás - online vásárlás 
695 |a fogyasztói magatartás 
695 |a közösségi média 
695 |a online marketing 
695 |a vásárlói magatartás 
700 1 |a Papp Dr. Vanda  |e ths 
856 4 0 |u http://dolgozattar.uni-bge.hu/60104/1/Szakdolgozat.pdf  |z Dokumentum-elérés 
856 4 0 |u http://dolgozattar.uni-bge.hu/60104/2/Jankovics%20Anna_BA%20KM%20magyar%20b%C3%ADr%C3%A1lati%20lap%20BELS%C5%90.pdf  |z Dokumentum-elérés 
856 4 0 |u http://dolgozattar.uni-bge.hu/60104/3/b%C3%ADr%C3%A1lati%20lap_Jankovics%20Anna%20Katalin_VI.pdf  |z Dokumentum-elérés